| 000 | 00570nam a2200145Ia 4500 | ||
|---|---|---|---|
| 008 | 170221s9999 xx 000 0 und d | ||
| 100 | _aValentin Y. Lyubashits | ||
| 245 | _aSocio-economic and Public-power Aspects of the State and Society Relations in Modernizing Russia | ||
| 245 | _cValentin Y. Lyubashits, Alexey Y. Mamychev, Maria V. Vronskaya, Alla A. Timofeeva | ||
| 260 | _bInternational Review of Management and Marketing | ||
| 260 | _c2016 | ||
| 300 | _a6 : 6S | ||
| 650 | _xMarketing. | ||
| 856 | _uhttp://www.econjournals.com/index.php/irmm/issue/view/86 | ||
| 999 |
_c308476 _d308476 |
||